000
00327nam a2200133Ia 4500
003
GCL
008
140319s9999 xx 000 0 ara d
040
_a
GCL /
_c
GCL
082
0
4
_a
240.9
_b
م م
245
1
0
_a
المجالس المؤيدية
260
_a
[S.N] :
_b
مكتبة مدبولى ،
_c
1994
300
_a
3380
490
_a
999
_c
54895
_d
54895